[Event "Baku Open"]
[Site "Baku AZE"]
[Date "2013.09.20"]
[EventDate "2013.09.19"]
[Round "2.21"]
[Result "1/2-1/2"]
[White "Orkhan Abdulov"]
[Black "Anna Muzychuk"]
[WhiteElo "2356"]
[BlackElo "2585"]
[PlyCount "104"]

1. e4 c5 2. Nf3 e6 3. d4 cxd4 4. Nxd4 a6 5. Bd3 Bc5 6. Nb3 Ba7
7. Na3 Nc6 8. c4 Nf6 9. O-O O-O 10. c5 b5 11. cxb6 Bxb6
12. Nc4 Bc7 13. Bg5 d5 14. exd5 exd5 15. Ne3 d4 16. Nf5 Ne5
17. Nbxd4 Nxd3 18. Nc6 Bxf5 19. Nxd8 Rfxd8 20. Bxf6 gxf6
21. Qf3 Bg6 22. Qxf6 Be5 23. Qc6 Rdc8 24. Qf3 Rab8 25. Rad1
Nxb2 26. Rd7 Bg7 27. Qd5 h5 28. f4 Rb5 29. Rd8+ Rxd8 30. Qxd8+
Kh7 31. Qd7 Rf5 32. g3 Nc4 33. Re1 Nb6 34. Qb7 Bd4+ 35. Kg2
Ra5 36. Re2 Kg7 37. Qc6 Nd5 38. Qc4 Bf6 39. h3 Bf5 40. Kh2 Nc3
41. Rf2 Be6 42. Qc7 Ra4 43. g4 hxg4 44. hxg4 Nd1 45. Qc2 Rxa2
46. Qxa2 Bxa2 47. Rxa2 Nc3 48. Rxa6 Ne2 49. Ra4 Nxf4 50. Rxf4
Be5 51. Kg3 Kg6 52. Kf3 Bxf4 1/2-1/2

[Event "Baku Open"]
[Site "Baku AZE"]
[Date "2013.09.23"]
[EventDate "2013.09.19"]
[Round "5.16"]
[Result "1/2-1/2"]
[White "Anna Muzychuk"]
[Black "Bahruz Rzayev"]
[WhiteElo "2585"]
[BlackElo "2464"]
[PlyCount "90"]

1. e4 e5 2. Nf3 Nc6 3. Bb5 a6 4. Ba4 d6 5. O-O Bd7 6. d4 Nf6
7. Re1 b5 8. dxe5 dxe5 9. Bb3 Bb4 10. c3 Bd6 11. Nbd2 O-O
12. Nf1 h6 13. Ng3 Na5 14. Bc2 Re8 15. h3 Bf8 16. Nh2 Nc4
17. b3 Nb6 18. Be3 c5 19. Ng4 Rc8 20. Nf5 Bxf5 21. exf5 Nbd5
22. Nxf6+ Nxf6 23. c4 Bd6 24. cxb5 axb5 25. a4 bxa4 26. bxa4
e4 27. a5 Qe7 28. g3 Red8 29. Qe2 Qe5 30. Bf4 Qxf5 31. Bxd6
Rxd6 32. a6 Ra8 33. Red1 Rxd1+ 34. Bxd1 Qxh3 35. Qe3 Qd7
36. Be2 Qd6 37. Qb3 Ra7 38. Rd1 Qe7 39. Rc1 Nd7 40. Qe3 Qe5
41. Bb5 h5 42. Rd1 Nf6 43. Rc1 Nd7 44. Rd1 Nf6 45. Rc1 Nd7
1/2-1/2

[Event "Baku Open"]
[Site "Baku AZE"]
[Date "2013.09.24"]
[EventDate "2013.09.19"]
[Round "6.18"]
[Result "1/2-1/2"]
[White "Miragha Aghayev"]
[Black "Anna Muzychuk"]
[WhiteElo "2309"]
[BlackElo "2585"]
[PlyCount "48"]

1. e4 c5 2. Nf3 e6 3. d4 cxd4 4. Nxd4 Nf6 5. Nc3 Nc6 6. Ndb5
Bc5 7. Bf4 O-O 8. Bc7 Qe7 9. Bd6 Bxd6 10. Qxd6 Qd8 11. Nc7 Rb8
12. O-O-O b5 13. Bxb5 Bb7 14. Be2 Rc8 15. N7b5 Qb6 16. Qf4 d5
17. exd5 exd5 18. Nd4 Rfe8 19. Bb5 Ne4 20. Bxc6 Nxc3 21. Bxe8
Nxa2+ 22. Kb1 Nc3+ 23. Kc1 Na2+ 24. Kb1 Nc3+ 1/2-1/2

[Event "Baku Open"]
[Site "Baku AZE"]
[Date "2013.09.25"]
[EventDate "2013.09.19"]
[Round "7.16"]
[Result "1/2-1/2"]
[White "Anna Muzychuk"]
[Black "Davit Maghalashvili"]
[WhiteElo "2585"]
[BlackElo "2502"]
[PlyCount "54"]

1. e4 c6 2. d4 d5 3. e5 c5 4. dxc5 Nc6 5. Nf3 Bg4 6. c3 e6
7. b4 Nge7 8. Bb5 g6 9. Bg5 Bg7 10. Bxc6+ bxc6 11. Bf4 h6
12. Nbd2 g5 13. Bg3 a5 14. h3 Bxf3 15. Nxf3 axb4 16. cxb4 Qb8
17. Qb3 Nf5 18. O-O Nxg3 19. fxg3 Bxe5 20. Nxe5 Qxe5 21. Rae1
Qd4+ 22. Kh2 O-O 23. Qf3 Qg7 24. a3 Rfe8 25. g4 e5 26. b5 e4
27. Qf5 cxb5 1/2-1/2

[Event "Baku Open"]
[Site "Baku AZE"]
[Date "2013.09.26"]
[EventDate "2013.09.19"]
[Round "8.17"]
[Result "1-0"]
[White "Misratdin Iskandarov"]
[Black "Anna Muzychuk"]
[WhiteElo "2406"]
[BlackElo "2585"]
[PlyCount "61"]

1. e4 e6 2. d3 c5 3. Nf3 Nc6 4. g3 g6 5. Bg2 Bg7 6. O-O Nge7
7. c3 O-O 8. Be3 b6 9. Qc1 d5 10. Bh6 Ba6 11. Rd1 e5 12. Na3
Rc8 13. Nc2 Qd7 14. h4 d4 15. cxd4 cxd4 16. Qd2 Qd6 17. h5 f6
18. Bxg7 Kxg7 19. Rdc1 Rc7 20. Bh3 f5 21. exf5 gxf5 22. Re1
Nd5 23. Nh4 Nce7 24. Re2 Qf6 25. Rae1 e4 26. dxe4 Bxe2
27. Nxd4 Bg4 28. exd5 Bxh3 29. Ne6+ Kh8 30. Nxf8 Qxf8 31. d6
1-0

[Event "Baku Open"]
[Site "Baku AZE"]
[Date "2013.09.27"]
[EventDate "2013.09.19"]
[Round "9.22"]
[Result "1/2-1/2"]
[White "Anna Muzychuk"]
[Black "Stanislav Mikheev"]
[WhiteElo "2585"]
[BlackElo "2259"]
[PlyCount "99"]

1. e4 e6 2. d4 d5 3. Nd2 Nf6 4. e5 Nfd7 5. Bd3 c5 6. c3 Nc6
7. Ne2 Qb6 8. Nf3 cxd4 9. cxd4 f6 10. exf6 Nxf6 11. O-O Bd6
12. b3 O-O 13. Bb2 Bd7 14. Ng3 Kh8 15. Re1 Rae8 16. a3 e5
17. Bf5 e4 18. Bxd7 Nxd7 19. Ng5 Bf4 20. Nh3 Bh6 21. b4 e3
22. f3 Nde5 23. Bc3 Nc4 24. Qd3 g6 25. Ne2 a6 26. Kh1 Qd8
27. Rf1 Ne7 28. Be1 Nf5 29. Bg3 Nxg3+ 30. Nxg3 Nd2 31. Rfe1
Qh4 32. Ng1 Bf4 33. N1e2 Bd6 34. Kg1 Rf5 35. f4 Rff8 36. Nf1
Qf2+ 37. Kh1 Bxf4 38. Nxf4 Qxf4 39. Nxd2 exd2 40. Red1 Re3
41. Qxd2 Qe4 42. Re1 Re8 43. Qxe3 Qxe3 44. Rxe3 Rxe3 45. Kg1
b5 46. a4 Rb3 47. axb5 axb5 48. Ra8+ Kg7 49. Rd8 Rxb4 50. Rxd5
1/2-1/2

[Event "SportAccord World Mind Games (Women, Rapid)"]
[Site "Beijing CHN"]
[Date "2013.12.05"]
[EventDate "2013.12.4"]
[Round "5.8"]
[Result "1-0"]
[White "Zhao Xue"]
[Black "Anna Muzychuk"]
[WhiteElo "2568"]
[BlackElo "2566"]
[PlyCount "129"]

1. c4 e5 2. Nc3 f5 3. d4 exd4 4. Qxd4 Nf6 5. Bg5 Be7 6. e3 Nc6
7. Qd1 Bb4 8. Bd3 h6 9. Bh4 g5 10. Bg3 Bxc3+ 11. bxc3 d6
12. Qc2 Qe7 13. Bxf5 Bxf5 14. Qxf5 O-O 15. Ne2 Rae8 16. c5
dxc5 17. O-O Kg7 18. Rad1 Ne4 19. Qg4 Nf6 20. Qa4 a6 21. h4
Rf7 22. Rb1 Nd8 23. Rfd1 Qe4 24. Qxe4 Nxe4 25. hxg5 hxg5
26. Rd5 Kg6 27. f3 Nxg3 28. Nxg3 b6 29. Kf2 Nc6 30. Rh1 Ne5
31. e4 Ng4+ 32. Ke2 Nf6 33. Rd2 Rff8 34. a4 a5 35. Rdd1 Rh8
36. Rxh8 Rxh8 37. Kf2 Re8 38. Nf5 Rb8 39. Ne3 Re8 40. Rd2 Rf8
41. Ke2 Nh5 42. Kf2 Nf6 43. Ke2 Nh5 44. Rd7 Nf4+ 45. Kf2 Ne6
46. Nd5 Rf7 47. Rxf7 Kxf7 48. Ke3 c4 49. Kd2 Nc5 50. Nxc7 Nxa4
51. Nb5 Nb2 52. Na3 Ke6 53. g3 Kf6 54. Ke3 a4 55. Kd4 Nd3
56. Kd5 Ne1 57. e5+ Ke7 58. f4 gxf4 59. gxf4 b5 60. Nxb5 Nc2
61. Kxc4 a3 62. Kb3 Ne1 63. f5 Nd3 64. e6 Kf6 65. Nd4 1-0

[Event "SportAccord World Mind Games (Women, Rapid)"]
[Site "Beijing CHN"]
[Date "2013.12.05"]
[EventDate "2013.12.4"]
[Round "6.8"]
[Result "1/2-1/2"]
[White "Anna Muzychuk"]
[Black "Pia Cramling"]
[WhiteElo "2566"]
[BlackElo "2525"]
[PlyCount "133"]

1. e4 c5 2. Nf3 e6 3. d4 cxd4 4. Nxd4 a6 5. c4 Nf6 6. Nc3 Qc7
7. Be2 d6 8. O-O Be7 9. Be3 b6 10. Rc1 Bb7 11. f3 O-O 12. Qd2
Nbd7 13. Rfd1 Rac8 14. Kh1 Qb8 15. Qe1 Rfe8 16. Qg1 Bd8 17. b4
Bc7 18. Nb3 d5 19. cxd5 exd5 20. Nxd5 Nxd5 21. exd5 Nf6 22. d6
Bxd6 23. Rxc8 Bxc8 24. Bf1 Bxb4 25. Bxb6 Bd6 26. Bc5 Be5
27. Bd4 h6 28. Bxe5 Qxe5 29. Qb6 Nd7 30. Qc6 Nf6 31. Qb6 Nd7
32. Qd4 Qxd4 33. Nxd4 Nb6 34. Rb1 Nd5 35. Rb8 Kf8 36. Kg1 Nc7
37. Bc4 g5 38. Kf2 h5 39. Rb6 Rd8 40. Nb3 Be6 41. Bxe6 Nxe6
42. Rxa6 Rc8 43. Rd6 Ra8 44. Rd2 Kg7 45. Nc1 h4 46. Ne2 Ra3
47. Nc1 Nf4 48. Nb3 Ne6 49. Ke1 Kf6 50. Kf2 Kg6 51. Rb2 Ra8
52. Rc2 Ra3 53. Nd2 Nf4 54. Ne4 Ne6 55. Rd2 Nf4 56. g3 hxg3+
57. hxg3 Ne6 58. Nd6 Ra4 59. g4 Ra3 60. Nf5 Nf4 61. Kg3 Kf6
62. Rb2 Ne6 63. Rd2 Nf4 64. Rc2 Ne6 65. Rb2 Nf4 66. Rh2 Ne6
67. Rd2 1/2-1/2

[Event "SportAccord World Mind Games (Women, Rapid)"]
[Site "Beijing CHN"]
[Date "2013.12.05"]
[EventDate "2013.12.4"]
[Round "7.7"]
[Result "1-0"]
[White "Koneru Humpy"]
[Black "Anna Muzychuk"]
[WhiteElo "2607"]
[BlackElo "2566"]
[PlyCount "65"]

1. d4 f5 2. Nf3 Nf6 3. g3 g6 4. Bg2 Bg7 5. O-O O-O 6. b3 d6
7. Bb2 e6 8. Nbd2 Qe7 9. Re1 Ne4 10. Nxe4 fxe4 11. Nd2 d5
12. f3 c5 13. fxe4 cxd4 14. exd5 exd5 15. Bxd5+ Kh8 16. e3 Qc5
17. Bg2 Nc6 18. Ne4 Qb6 19. Kh1 Rd8 20. Ng5 Kg8 21. Qe2 Qc5
22. Ne4 Qe7 23. Rad1 Be6 24. exd4 Bxd4 25. Bxd4 Nxd4 26. Qf2
Nc6 27. Rxd8+ Rxd8 28. Nc5 Qf7 29. Qxf7+ Bxf7 30. Nxb7 Re8
31. Rxe8+ Bxe8 32. Nd6 Bd7 33. Bxc6 1-0

[Event "SportAccord World Mind Games (Women, Rapid)"]
[Site "Beijing CHN"]
[Date "2013.12.12"]
[EventDate "2013.12.12"]
[Round "4.7"]
[Result "1/2-1/2"]
[White "Ju Wenjun"]
[Black "Anna Muzychuk"]
[WhiteElo "2514"]
[BlackElo "2566"]
[PlyCount "123"]

1. d4 d5 2. c4 c6 3. cxd5 cxd5 4. Nc3 Nf6 5. Bf4 Nc6 6. e3 Bf5
7. Qb3 Na5 8. Qa4+ Bd7 9. Qc2 Rc8 10. Nf3 b5 11. a3 e6 12. Bd3
Be7 13. O-O O-O 14. Ne5 Be8 15. h3 h6 16. Rfd1 a6 17. Qe2 Nd7
18. Rac1 Nc4 19. Nxd7 Bxd7 20. e4 Bg5 21. Bxg5 Qxg5 22. g3 Bc6
23. Bxc4 dxc4 24. Rc2 a5 25. d5 exd5 26. Nxd5 Rfe8 27. Qf3 Qe5
28. Re2 Rcd8 29. Rdd2 b4 30. axb4 axb4 31. Kh2 Rd6 32. Qe3
Bxd5 33. exd5 Qxe3 34. fxe3 Re4 35. g4 Kf8 36. Kg3 Re8 37. e4
f6 38. Kf4 Rc8 39. e5 fxe5+ 40. Kxe5 Ke7 41. Kd4+ Kd7 42. Rc2
c3 43. bxc3 Rxc3 44. Rxc3 bxc3 45. Rc2 Rf6 46. Rxc3 Rf1
47. Ra3 Kd6 48. Ra6+ Ke7 49. Ra7+ Kf6 50. d6 Rf3 51. Re7 Rxh3
52. Re1 Rh2 53. Kd3 Rh3+ 54. Kd4 Rh2 55. Kc3 Rh3+ 56. Kc4 Rh2
57. Kd3 Rh3+ 58. Kd4 Rh2 59. Kd3 Rh3+ 60. Kd2 Rh2+ 61. Kd1 Rh3
62. Kd2 1/2-1/2

[Event "SportAccord World Mind Games (Women, Blitz)"]
[Site "Beijing CHN"]
[Date "2013.12.14"]
[EventDate "2013.12.14"]
[Round "1.4"]
[Result "0-1"]
[White "Elisabeth Paehtz"]
[Black "Anna Muzychuk"]
[WhiteElo "2452"]
[BlackElo "2566"]
[PlyCount "100"]

1. d4 f5 2. b3 Nf6 3. e3 g6 4. Bb2 Bg7 5. Be2 d6 6. h4 e5
7. dxe5 Nfd7 8. f4 dxe5 9. h5 Qe7 10. hxg6 hxg6 11. Rxh8+ Bxh8
12. Nf3 Nc6 13. Nc3 Nb6 14. Qd2 Bd7 15. O-O-O O-O-O 16. Bb5
exf4 17. exf4 Bf6 18. Qf2 Qg7 19. Bxc6 Bxc6 20. Rxd8+ Kxd8
21. Nd1 Bxb2+ 22. Nxb2 Kc8 23. Ne5 Be4 24. g3 Qh6 25. Qd4 Qh1+
26. Nd1 Qg2 27. Ne3 Qg1+ 28. Kb2 Qxg3 29. Nf7 Kb8 30. Qd8+ Nc8
31. Ne5 b6 32. N3c4 Qxf4 33. Nd7+ Kb7 34. Nde5 Qf2 35. Na3 Qg3
36. Nac4 Qh2 37. Qd1 g5 38. Nf7 g4 39. a4 a5 40. Nfe5 Qf4
41. Qd4 Qh2 42. Qc3 g3 43. Ne3 g2 44. Nxg2 Qxg2 45. Nc4 Qg6
46. Qd4 Qc6 47. Qe5 Nd6 48. Ne3 Qc5 49. Qf4 Qd4+ 50. Ka2 Qc3
0-1

[Event "SportAccord World Mind Games (Women, Blitz)"]
[Site "Beijing CHN"]
[Date "2013.12.14"]
[EventDate "2013.12.14"]
[Round "2.5"]
[Result "1-0"]
[White "Anna Muzychuk"]
[Black "Valentina Gunina"]
[WhiteElo "2566"]
[BlackElo "2509"]
[PlyCount "84"]

1. f4 d5 2. Nf3 Nf6 3. g3 g6 4. Bg2 Bg7 5. O-O O-O 6. d3 c5
7. Qe1 b6 8. e4 dxe4 9. dxe4 Ba6 10. Rf2 Nc6 11. Rd2 Qc7
12. e5 Ng4 13. Nc3 e6 14. a4 Rad8 15. Nb5 Qe7 16. h3 Nh6
17. Rxd8 Rxd8 18. Be3 Nb4 19. Qe2 f6 20. exf6 Bxf6 21. c3 Nd5
22. Bf2 Nf5 23. Re1 Bc8 24. Ne5 Bb7 25. Nxa7 Re8 26. Nb5 Ng7
27. Ng4 Rd8 28. Nxf6+ Nxf6 29. Bxb7 Qxb7 30. Rd1 Rxd1+
31. Qxd1 Qe4 32. Qd8+ Nge8 33. Qxb6 Qb1+ 34. Kg2 Qe4+ 35. Kh2
Qe2 36. Qxc5 Ne4 37. Qe3 Qxb2 38. Kg2 N8f6 39. Nd6 Qc2
40. Nxe4 Nxe4 41. a5 Kf7 42. a6 Nxf2 1-0

[Event "SportAccord World Mind Games (Women, Blitz)"]
[Site "Beijing CHN"]
[Date "2013.12.14"]
[EventDate "2013.12.14"]
[Round "3.5"]
[Result "0-1"]
[White "Zhao Xue"]
[Black "Anna Muzychuk"]
[WhiteElo "2568"]
[BlackElo "2566"]
[PlyCount "190"]

1. c4 c5 2. g3 Nc6 3. Bg2 g6 4. e3 Bg7 5. Ne2 e6 6. Nbc3 Nge7
7. O-O O-O 8. d4 cxd4 9. exd4 d5 10. cxd5 Nxd5 11. Nxd5 exd5
12. Be3 Bg4 13. Re1 Re8 14. h3 Bxe2 15. Rxe2 Qb6 16. Rd2 Rad8
17. Rc1 Rd7 18. Qa4 Red8 19. h4 a6 20. Bh3 Rc7 21. Bf4 Re7
22. Bg5 f6 23. Be3 Bf8 24. Bg2 Red7 25. Re2 Kg7 26. Qd1 Qc7
27. Qd2 Qd6 28. a3 Qc7 29. b4 Qb6 30. Qa2 Qb5 31. Rec2 Be7
32. Qa1 Qd3 33. Rc3 Qf5 34. Kh2 Qh5 35. Qb2 Bd6 36. Kg1 Re8
37. Qd2 Bb8 38. Rc5 Ba7 39. R5c2 Bb8 40. Qd1 Qxd1+ 41. Rxd1
Bxg3 42. h5 gxh5 43. Rc5 Bb8 44. Rxd5 Rxd5 45. Bxd5 Rd8
46. Bf3 Ba7 47. d5 Ne5 48. Bxh5 Bxe3 49. fxe3 Nc4 50. Rd3 Kf8
51. Kf2 Ke7 52. e4 Kd6 53. Rc3 b5 54. Be2 Ne5 55. Rh3 Rd7
56. Rh6 Rf7 57. Ke3 Ke7 58. Kd4 Kd6 59. Bh5 Rf8 60. Rxh7 Rc8
61. Ra7 Rc4+ 62. Ke3 Rc3+ 63. Kf4 Rxa3 64. Be2 Ra4 65. Kf5 Nd7
66. Bd3 Ra3 67. Bxb5 Rf3+ 68. Kg4 Ne5+ 69. Kh4 axb5 70. Ra6+
Ke7 71. Rb6 Rf4+ 72. Kg3 Rxe4 73. Rxb5 f5 74. Rb6 Nd7 75. Rh6
Rxb4 76. Rh7+ Ke8 77. Rh8+ Nf8 78. Kf3 Kf7 79. d6 Rd4 80. Rh5
Kg6 81. Rh8 Ne6 82. Re8 Rxd6 83. Ke3 Kf6 84. Kf3 Ke5 85. Re7
Rd3+ 86. Ke2 Ra3 87. Kf2 Kf6 88. Re8 Ng5 89. Rf8+ Ke5 90. Re8+
Kf4 91. Ke2 Ne4 92. Kf1 Ra2 93. Rf8 Ng3+ 94. Kg1 Kf3 95. Ra8
Rg2# 0-1

[Event "SportAccord World Mind Games (Women, Blitz)"]
[Site "Beijing CHN"]
[Date "2013.12.14"]
[EventDate "2013.12.14"]
[Round "6.3"]
[Result "1-0"]
[White "Anna Muzychuk"]
[Black "Nana Dzagnidze"]
[WhiteElo "2566"]
[BlackElo "2557"]
[PlyCount "63"]

1. e4 c5 2. Nf3 e6 3. d4 cxd4 4. Nxd4 a6 5. c4 Nf6 6. Nc3 Qc7
7. Be2 Nc6 8. Be3 Bd6 9. Qd2 Be5 10. Rc1 O-O 11. h3 b6 12. O-O
Nxd4 13. Bxd4 Bb7 14. f4 Bxd4+ 15. Qxd4 Qc5 16. Qxc5 bxc5
17. e5 Ne4 18. Rfd1 Rfd8 19. Bf3 Nxc3 20. Rxc3 Bxf3 21. Rxf3
Rab8 22. b3 d5 23. cxd5 exd5 24. Rc3 Rbc8 25. Rdc1 d4 26. Rxc5
Rxc5 27. Rxc5 d3 28. Rc1 h5 29. Kf2 Kh7 30. Rd1 Kg6 31. Ke3
Kf5 32. Rxd3 1-0

[Event "SportAccord World Mind Games (Women, Blitz)"]
[Site "Beijing CHN"]
[Date "2013.12.14"]
[EventDate "2013.12.14"]
[Round "7.7"]
[Result "0-1"]
[White "Koneru Humpy"]
[Black "Anna Muzychuk"]
[WhiteElo "2607"]
[BlackElo "2566"]
[PlyCount "108"]

1. d4 d5 2. c4 e5 3. dxe5 d4 4. Nf3 Nc6 5. a3 Nge7 6. b4 Ng6
7. Bb2 a5 8. b5 Ncxe5 9. Nxe5 Nxe5 10. Bxd4 Nxc4 11. e3 Be6
12. Be2 Qg5 13. O-O Bd5 14. Bf3 Nd6 15. Bxd5 Qxd5 16. Nc3 Qe6
17. Rc1 Nf5 18. Qa4 Bd6 19. Rfd1 O-O 20. Ne2 Rfd8 21. Bb2 Qa2
22. Rb1 Re8 23. Qg4 Qe6 24. h3 Qe4 25. Qxe4 Rxe4 26. Nd4 Nxd4
27. Rxd4 Rxd4 28. exd4 Re8 29. Kf1 Re4 30. a4 f5 31. Re1 Kf7
32. Rxe4 fxe4 33. d5 Bc5 34. Ke2 g6 35. Be5 Bb6 36. g4 Ke7
37. Bf4 Kf6 38. Bg3 Kg5 39. Kd2 h5 40. gxh5 gxh5 41. Ke2 Kf5
42. Kd2 Kg5 43. Ke2 Kf5 44. Kd2 e3+ 45. fxe3 Ke4 46. d6 Bxe3+
47. Ke2 cxd6 48. Bxd6 Bb6 49. Be7 Kd4 50. h4 Kc4 51. Kd2 Kb3
52. Kd3 Kxa4 53. Kc4 Bf2 54. Bd6 Bxh4 0-1

[Event "SportAccord World Mind Games (Women, Blitz)"]
[Site "Beijing CHN"]
[Date "2013.12.14"]
[EventDate "2013.12.14"]
[Round "8.2"]
[Result "1-0"]
[White "Anna Muzychuk"]
[Black "Yifan Hou"]
[WhiteElo "2566"]
[BlackElo "2629"]
[PlyCount "121"]

1. e4 c5 2. Nf3 e6 3. c4 b6 4. d4 cxd4 5. Nxd4 Bb7 6. Nc3 d6
7. Be2 a6 8. O-O Nf6 9. f3 Nbd7 10. Be3 Be7 11. a4 Rb8 12. a5
bxa5 13. Nb3 Ba8 14. Qc2 O-O 15. Nxa5 Qc7 16. Rfc1 Rfc8
17. Qd2 Nc5 18. b4 Ncd7 19. Na4 Qd8 20. Ba7 Nh5 21. Bxb8 Rxb8
22. c5 dxc5 23. Nxc5 Nhf6 24. Kh1 Rb6 25. Rd1 Rd6 26. Qc3 Nxc5
27. bxc5 Rxd1+ 28. Rxd1 Qc7 29. c6 h5 30. Bxa6 Bd8 31. Bb7
Bxb7 32. Nxb7 Be7 33. Qc4 Kh7 34. Qb5 h4 35. Na5 h3 36. g3 e5
37. Nc4 Qa7 38. Qb2 Qc5 39. Nxe5 Qe3 40. Qd2 Qc5 41. Nxf7 Qxc6
42. Ng5+ Kg6 43. Nxh3 Kf7 44. Nf4 Qc4 45. Kg2 Bb4 46. Qe2 Qc6
47. h4 Be7 48. Nd5 Nd7 49. Nxe7 Kxe7 50. Qd2 Nf6 51. e5 Ne8
52. Qg5+ Kf8 53. Rd2 Qe6 54. Re2 Qd5 55. Qf4+ Kg8 56. h5 Nc7
57. h6 Ne6 58. Qg4 Kh7 59. hxg7 Nxg7 60. e6 Ne8 61. Qe4+ 1-0

[Event "SportAccord World Mind Games (Women, Blitz)"]
[Site "Beijing CHN"]
[Date "2013.12.14"]
[EventDate "2013.12.14"]
[Round "9.8"]
[Result "0-1"]
[White "Viktorija Cmilyte"]
[Black "Anna Muzychuk"]
[WhiteElo "2514"]
[BlackElo "2566"]
[PlyCount "119"]

1. Nf3 c5 2. c4 Nc6 3. Nc3 e5 4. g3 g6 5. Bg2 Bg7 6. d3 Nge7
7. O-O d6 8. a3 a5 9. Ne1 Be6 10. Nc2 d5 11. cxd5 Nxd5 12. Ne3
Nde7 13. Ne4 b6 14. Ng5 Bd7 15. Bd2 O-O 16. Nc4 h6 17. Ne4 Be6
18. Rc1 Rb8 19. Nc3 Qd7 20. Kh1 f5 21. Qa4 Nd4 22. Qxd7 Bxd7
23. Nd5 Nxd5 24. Bxd5+ Kh7 25. Rce1 Rfd8 26. e3 Nb3 27. Bc3
Bb5 28. Be6 e4 29. dxe4 Bxc3 30. bxc3 Bxc4 31. Bxc4 Nd2
32. Bd5 Nxf1 33. Rxf1 b5 34. Rd1 fxe4 35. Kg2 Kg7 36. f3 exf3+
37. Kxf3 Kf6 38. e4 b4 39. axb4 axb4 40. cxb4 cxb4 41. Rb1
Rdc8 42. Kf4 g5+ 43. Kg4 Ke5 44. Kh5 Rb6 45. h4 gxh4 46. gxh4
Rc3 47. Rb2 b3 48. Kg4 Re3 49. Kh5 Kd4 50. Kg4 Kc3 51. Rb1 Kc2
52. Rf1 b2 53. Ba2 b1=Q 54. Bxb1+ Rxb1 55. Rxb1 Kxb1 56. Kf5
Kc2 57. e5 Kd3 58. e6 Kd4 59. Kf6 Kd5 60. e7 0-1

[Event "SportAccord World Mind Games (Women, Blitz)"]
[Site "Beijing CHN"]
[Date "2013.12.14"]
[EventDate "2013.12.14"]
[Round "10.1"]
[Result "1/2-1/2"]
[White "Kateryna Lahno"]
[Black "Anna Muzychuk"]
[WhiteElo "2543"]
[BlackElo "2566"]
[PlyCount "106"]

1. e4 c5 2. Nf3 e6 3. d4 cxd4 4. Nxd4 Nf6 5. Nc3 Bb4 6. e5 Nd5
7. Bd2 Bxc3 8. bxc3 O-O 9. Bd3 d6 10. Qh5 g6 11. Qe2 dxe5
12. Qxe5 f6 13. Qg3 e5 14. Nb3 Nf4 15. Bxf4 exf4 16. Qxf4 Re8+
17. Be2 Nc6 18. Rd1 Qe7 19. Rd2 Qe5 20. Qxe5 Nxe5 21. O-O Be6
22. f4 Nc4 23. Rd4 Ne3 24. Rc1 Rac8 25. Bf3 b6 26. Rd3 Bf5
27. Rd6 Rxc3 28. Rxf6 Rxc2 29. Re1 Rcc8 30. Bc6 Rf8 31. Rd6
Nc4 32. Bd5+ Kh8 33. Rc6 Rxc6 34. Bxc6 Kg7 35. g3 Kf6 36. Rd1
Ke7 37. Kf2 Rc8 38. Bf3 Nd6 39. Nd4 Bd7 40. Re1+ Kf6 41. Bd5
Rc3 42. Be6 Ba4 43. Bg8 Nf5 44. Nxf5 Kxf5 45. Re5+ Kf6 46. Re2
h6 47. Bd5 Bd7 48. Rd2 Bf5 49. Bb3 Rc6 50. Ke3 Rc3+ 51. Kf2
Rc6 52. Ke3 Rc3+ 53. Kf2 Rc6 1/2-1/2

[Event "SportAccord World Mind Games (Women, Blitz)"]
[Site "Beijing CHN"]
[Date "2013.12.15"]
[EventDate "2013.12.14"]
[Round "14.3"]
[Result "1-0"]
[White "Pia Cramling"]
[Black "Anna Muzychuk"]
[WhiteElo "2525"]
[BlackElo "2566"]
[PlyCount "93"]

1. d4 d5 2. Nf3 c5 3. c4 cxd4 4. cxd5 Qxd5 5. Qxd4 Nf6 6. Nc3
Qxd4 7. Nxd4 a6 8. e4 e5 9. Nc2 Be6 10. f3 Nc6 11. Be3 Nd7
12. Kf2 Bc5 13. Be2 Ke7 14. Rhd1 Rhd8 15. Rxd7+ Kxd7 16. Bxc5
b5 17. b4 Kc7 18. Ne3 Kb7 19. Ncd5 f5 20. g3 g5 21. Nb6 f4
22. gxf4 exf4 23. Ng4 Rab8 24. a4 Nxb4 25. axb5 axb5 26. Bxb4
Kxb6 27. Ba5+ Kc5 28. Rc1+ Bc4 29. Bxd8 Rxd8 30. Ne5 Rd4
31. Nxc4 bxc4 32. Kg2 Kb4 33. h4 c3 34. hxg5 Kb3 35. Bd1+ Kc4
36. Bc2 Rd2+ 37. Kh3 Kd4 38. Kg4 Ke3 39. Ba4 Kd3 40. Bb5+ Kd4
41. Kxf4 Rb2 42. Ba4 Ra2 43. Bc2 Ra5 44. Rd1+ Kc4 45. e5 Ra2
46. Rc1 Ra6 47. Bxh7 1-0

[Event "SportAccord World Mind Games (Women, Blitz)"]
[Site "Beijing CHN"]
[Date "2013.12.15"]
[EventDate "2013.12.14"]
[Round "16.4"]
[Result "1-0"]
[White "Anna Muzychuk"]
[Black "Elisabeth Paehtz"]
[WhiteElo "2566"]
[BlackElo "2452"]
[PlyCount "103"]

1. e4 g6 2. Nc3 Bg7 3. f4 c6 4. Nf3 d5 5. d3 Bg4 6. h3 Bxf3
7. Qxf3 e6 8. g4 h5 9. g5 Ne7 10. Bg2 Qb6 11. Ne2 Nd7 12. c3
Nc5 13. e5 Qa6 14. d4 Nd3+ 15. Kd2 Nxc1 16. Nxc1 Nf5 17. Bf1
Qb6 18. Nb3 h4 19. Bd3 Ng3 20. Rhc1 Bf8 21. Qe3 a5 22. Rab1 a4
23. Nc5 Qa7 24. Bc2 a3 25. b4 b6 26. Nb3 Be7 27. Bd3 Kf8
28. Qf2 Kg7 29. Qe3 Rhc8 30. Qf3 Rh8 31. Qe3 Rac8 32. Qf2 Rc7
33. Qf3 c5 34. bxc5 bxc5 35. dxc5 Bxc5 36. Nxc5 Rxc5 37. Qe3
Qa5 38. Qd4 Rhc8 39. Rb7 R8c7 40. Rxc7 Qxc7 41. Rb1 Ne4+
42. Ke3 Rxc3 43. f5 gxf5 44. g6 Ng3 45. gxf7 Kxf7 46. Qxh4
Qxe5+ 47. Kd2 Ne4+ 48. Bxe4 Qd4+ 49. Ke2 Re3+ 50. Kf1 Rf3+
51. Kg2 Qxe4 52. Rb7+ 1-0

[Event "SportAccord World Mind Games (Women, Blitz)"]
[Site "Beijing CHN"]
[Date "2013.12.15"]
[EventDate "2013.12.14"]
[Round "17.5"]
[Result "0-1"]
[White "Valentina Gunina"]
[Black "Anna Muzychuk"]
[WhiteElo "2509"]
[BlackElo "2566"]
[PlyCount "54"]

1. Nf3 c5 2. g3 Nc6 3. Bg2 e5 4. e4 g6 5. O-O Bg7 6. d3 Nge7
7. Be3 d6 8. Nc3 O-O 9. Qd2 Nd4 10. Ne1 Rb8 11. f4 exf4
12. Bxf4 Be6 13. Nf3 Nxf3+ 14. Rxf3 Nc6 15. Rff1 Ne5 16. Ne2
Qd7 17. c3 Bh3 18. b3 Rbe8 19. Rae1 Bxg2 20. Kxg2 f5 21. d4
cxd4 22. cxd4 Ng4 23. exf5 Qxf5 24. Nc3 Rxe1 25. Rxe1 g5
26. Bxg5 Qf3+ 27. Kg1 Nf2 0-1

[Event "SportAccord World Mind Games (Women, Blitz)"]
[Site "Beijing CHN"]
[Date "2013.12.15"]
[EventDate "2013.12.14"]
[Round "18.5"]
[Result "1-0"]
[White "Anna Muzychuk"]
[Black "Zhao Xue"]
[WhiteElo "2566"]
[BlackElo "2568"]
[PlyCount "85"]

1. e4 Nf6 2. e5 Nd5 3. d4 d6 4. Nf3 c6 5. Bc4 dxe5 6. Nxe5 Nd7
7. Nf3 N7b6 8. Bb3 Bg4 9. O-O a5 10. a4 e6 11. h3 Bh5 12. c3
Be7 13. Re1 O-O 14. Nbd2 Nf6 15. Nf1 c5 16. Ng3 Bxf3 17. Qxf3
cxd4 18. Qxb7 dxc3 19. bxc3 Nbd5 20. Bxd5 Nxd5 21. c4 Rb8
22. Qa7 Nb4 23. Bf4 Ra8 24. Qb7 Bc5 25. Ne4 Ra7 26. Qb5 Bd4
27. Rad1 Rd7 28. Be5 Nc2 29. Rf1 Qc8 30. Nd6 Qd8 31. Ne4 Qc8
32. c5 Rd5 33. Bxd4 Nxd4 34. Qxa5 Qd7 35. Kh1 h5 36. Qc3 Qxa4
37. Qg3 Kh8 38. Qh4 Kg8 39. Rd3 Rfd8 40. Rfd1 Kf8 41. Nd6 g5
42. Qxh5 Ke7 43. Qxf7# 1-0

[Event "SportAccord World Mind Games (Women, Blitz)"]
[Site "Beijing CHN"]
[Date "2013.12.16"]
[EventDate "2013.12.14"]
[Round "21.3"]
[Result "1-0"]
[White "Nana Dzagnidze"]
[Black "Anna Muzychuk"]
[WhiteElo "2557"]
[BlackElo "2566"]
[PlyCount "93"]

1. d4 f5 2. Nc3 d5 3. Bf4 a6 4. e3 Nf6 5. Bd3 e6 6. Nf3 c5
7. O-O c4 8. Be2 Nc6 9. Ne5 Bd6 10. Na4 Bxe5 11. dxe5 Nd7
12. Bh5+ g6 13. Bf3 Ncxe5 14. Bxd5 exd5 15. Qxd5 Qe7 16. Rfd1
Nf7 17. Qxc4 Nde5 18. Qc3 O-O 19. Nb6 Rb8 20. Nd5 Qd6 21. Nc7
Qf6 22. Rd5 Ng4 23. Qb3 b5 24. h3 Ngh6 25. Rad1 Bb7 26. Rd7
Kh8 27. Ne6 Bc6 28. Nxf8 Rxf8 29. R7d6 Nxd6 30. Rxd6 Qf7
31. Qxf7 Nxf7 32. Rxc6 Ra8 33. Kf1 Kg8 34. b3 a5 35. Ke2 a4
36. b4 Kg7 37. c3 Rd8 38. Rc5 Rd7 39. Rxb5 Nd8 40. Rc5 Ne6
41. Rc6 Kf7 42. b5 g5 43. Be5 f4 44. exf4 gxf4 45. c4 a3
46. b6 Ng5 47. Rc7 1-0